| 000 | 00424cam a2200181ua 4500 | ||
|---|---|---|---|
| 020 | _c85.00 | ||
| 041 |
_aeng _h |
||
| 082 |
_a658.5 _bMUK/IN |
||
| 100 | _aMukhi, H R . | ||
| 245 |
_aIndustrial management / _cH R Mukhi. _hTextual Documents |
||
| 250 |
_a1 / _b. |
||
| 260 |
_aNew Delhi : _bSatya Prakshan , _c1993. |
||
| 300 | _a821 ; . | ||
| 365 | _a85.00 | ||
| 504 | _a | ||
| 942 | _cBK | ||
| 999 |
_c9186 _d9186 |
||